Kabuki plays on stage
The fourteen plays translated in Volume 3, Darkness and Desire, 1804-1864, mark an extreme point in the development of kabuki dramaturgy. The plays are remarkable, even within kabuki, for their intense theatricality, gutsy individualism of character, cold-blooded and ferocious violence, realism push...
Đã lưu trong:
| 格式: | 图书 |
|---|---|
| 语言: | Undetermined |
| 出版: |
Honolulu
University of Hawai'i Press
2002
|
| 主题: | |
| 标签: |
添加标签
没有标签, 成为第一个标记此记录!
|
| Thư viện lưu trữ: | Trung tâm Học liệu Trường Đại học Cần Thơ |
|---|
| LEADER | 01081nam a2200205Ia 4500 | ||
|---|---|---|---|
| 001 | CTU_118529 | ||
| 008 | 210402s9999 xx 000 0 und d | ||
| 020 | |c 8750 | ||
| 082 | |a 895.62008 | ||
| 082 | |b K11/Vol.3 | ||
| 245 | 0 | |a Kabuki plays on stage | |
| 245 | 0 | |c Edited by James R. Bradon, Samuel L. Leiter | |
| 260 | |a Honolulu | ||
| 260 | |b University of Hawai'i Press | ||
| 260 | |c 2002 | ||
| 520 | |a The fourteen plays translated in Volume 3, Darkness and Desire, 1804-1864, mark an extreme point in the development of kabuki dramaturgy. The plays are remarkable, even within kabuki, for their intense theatricality, gutsy individualism of character, cold-blooded and ferocious violence, realism pushed into fantasy and grotesquery, novelty for its own sake, sexual aggressiveness, and assertion of female will. The plays depict a society in extremis, the end of an era, a time often marked by unmitigated darkness and desire. | ||
| 650 | |a Kabuki plays | ||
| 650 | |x Translations into English | ||
| 904 | |i Truc | ||
| 980 | |a Trung tâm Học liệu Trường Đại học Cần Thơ | ||